| 000 | 01717nam a2200385 c 4500 | ||
|---|---|---|---|
| 003 | BLK | ||
| 005 | 20180420224810.0 | ||
| 008 | 180408b bul|||||r ||||||| ||bul|| | ||
| 010 | _aKNG00088720000 | ||
| 020 |
_a978-954-528-780-0 _bиздат.: Труд |
||
| 020 |
_a978-954-685-739-2 _bиздат.: СофтПрес |
||
| 040 | _aBLK | ||
| 041 |
_aBUL _cBUL |
||
| 080 |
_aАвтоматични цифрови електронноизчислителни машини. Миникомпютри. Микрокомпютри _b681.322 _x(038.1)=20=867 _z681.322(038.1)=20=867 |
||
| 080 |
_aРазлични категории думи _b81`373.4 _x=20=867:681.322 _z81`373.4=20=867:681.322 |
||
| 100 | 1 |
_aКолин, Питър _eпърви автор _9301279 |
|
| 700 | 1 |
_aАнгелов, Диан _eпрев. _9301280 |
|
| 139 |
_aКолин, Питър _bК 78 |
||
| 245 | 1 | 0 |
_aАнглийско-български компютърен речник _cПитър Колин; прев. Диан Ангелов. |
| 257 | _aUSA | ||
| 260 |
_аСофия _bТруд _bСофтПрес _c2008 _fСофия : Монт |
||
| 300 |
_a511 с. _c21 см |
||
| 380 | _a62 | ||
| 500 | _aОриг. загл. Dictionary of Computer Science / Peter Cоllin. | ||
| 650 | 4 |
_aЕИМ - терминология - речници _9265414 |
|
| 650 | 4 |
_aАнглийски език - речници, английско-български _9241873 |
|
| 653 | _aЕИМ | ||
| 653 | _aтерминологични речници | ||
| 653 | _aанглийско-български речници | ||
| 852 | _aЦб 243519 | ||
| 856 | 4 |
_qpdf _u |
|
| 856 | 4 |
_qpdf _u |
|
| 942 |
_cKNG _n0 |
||
| 944 |
_aCR _c02.04.2009 _lф / _kКети_Илиева |
||
| 944 |
_aED _c23.01.2013 _lф / _k |
||
| 999 |
_c84154 _d84154 |
||